[Event "49th POL-ch (w)"]
[Site "Cisna POL"]
[Date "1997.??.??"]
[Round "6"]
[White "Dabrowska, Krystyna"]
[Black "Dworakowska, Joanna"]
[Result "0-1"]
[WhiteElo "2250"]
[BlackElo "2285"]
[EventDate "1997.03.06"]
[PlyCount "86"]

1.e4 c5 2.Nf3 d6 3.d4 cxd4 4.Nxd4 Nf6 5.Nc3 a6 6.Bc4 e6 7.Bb3 b5 8.O-O Be7
9.f4 Bb7 10.e5 dxe5 11.fxe5 Bc5 12.Be3 Bxd4 13.Bxd4 Nc6 14.Rf4 Qc7 15.Qf1 
Nxd4 16.exf6 Nxb3 17.cxb3 gxf6 18.Kh1 f5 19.Ne2 Rd8 20.Ng3 h5 21.Re1 Kf8 
22.Rh4 Rd2 23.Re2 Rxe2 24.Nxe2 Rg8 25.Ng3 Qc2 26.Rf4 Rg5 27.Rf2 Qc6 28.Qd1
Kg7 29.Qd8 Qc1+ 30.Rf1 Qe3 31.Qe7 h4 32.Qxb7 hxg3 33.Qf3 Qxf3 34.Rxf3 gxh2
35.Kxh2 e5 36.Kg1 f4 37.Rc3 e4 38.a4 f3 39.axb5 Rxg2+ 40.Kf1 axb5 41.Rc5 
e3 42.Rf5 e2+ 43.Ke1 Rg1+ 0-1

[Event "49th POL-ch (w)"]
[Site "Cisna POL"]
[Date "1997.??.??"]
[Round "6"]
[White "Bobrowska, Monika"]
[Black "Radziewicz, Iweta"]
[Result "1/2-1/2"]
[WhiteElo "2385"]
[BlackElo "2220"]
[EventDate "1997.03.06"]
[PlyCount "65"]

1.Nf3 Nf6 2.g3 d5 3.Bg2 c6 4.O-O Bf5 5.d3 e6 6.Nbd2 h6 7.b3 Be7 8.Bb2 O-O 
9.Ne5 Bh7 10.e4 Nbd7 11.Qe2 Qa5 12.Nef3 Ba3 13.Bxa3 Qxa3 14.e5 Ne8 15.Rfe1
a5 16.g4 a4 17.g5 axb3 18.Nxb3 Qb2 19.gxh6 gxh6 20.Qd2 Rxa2 21.Rxa2 Qxa2 
22.Qxh6 Qxc2 23.Ng5 Bg6 24.Nd4 Qc3 25.Ndf3 Ng7 26.Bh3 Qxd3 27.Re3 Qb1+ 28.
Kg2 Ra8 29.Re1 Qd3 30.Re3 Qb1 31.Re1 Qd3 32.Re3 Qb1 33.Re1 1/2-1/2

[Event "49th POL-ch (w)"]
[Site "Cisna POL"]
[Date "1997.??.??"]
[Round "7"]
[White "Dworakowska, Joanna"]
[Black "Blimke, Dalia"]
[Result "1-0"]
[WhiteElo "2285"]
[BlackElo "2105"]
[EventDate "1997.03.06"]
[PlyCount "68"]

1.e4 c5 2.Nf3 e6 3.d4 cxd4 4.Nxd4 Nc6 5.Nc3 Qc7 6.Be2 a6 7.O-O Nf6 8.Kh1 
d6 9.f4 Be7 10.Be3 Bd7 11.Qe1 b5 12.Bf3 Rc8 13.Qg3 b4 14.Nce2 O-O 15.Rad1 
Kh8 16.c3 Qb8 17.e5 dxe5 18.Nxc6 Bxc6 19.Bxc6 Rxc6 20.fxe5 Nd5 21.Bd4 Rfc8
22.Nf4 Nxf4 23.Rxf4 bxc3 24.Bxc3 Rd8 25.Rdf1 f5 26.exf6 Bxf6 27.Qf3 e5 28.
Rf5 Kg8 29.g4 Qd6 30.Qe4 Qd5 31.Qxd5+ Rxd5 32.Kg2 h6 33.Re1 Rd8 34.Bxe5 
Re6 1-0

[Event "49th POL-ch (w)"]
[Site "Cisna POL"]
[Date "1997.??.??"]
[Round "7"]
[White "Kludacz, Magdalena"]
[Black "Romaszko, Sylwia"]
[Result "1/2-1/2"]
[WhiteElo "2180"]
[BlackElo "2065"]
[EventDate "1997.03.06"]
[PlyCount "76"]

1.d4 f5 2.c4 g6 3.g3 Bg7 4.Bg2 Nf6 5.Nf3 O-O 6.O-O d6 7.Nc3 Nc6 8.d5 Ne5 
9.Qb3 Kh8 10.Nd4 Qe8 11.h3 c5 12.dxc6 Nxc6 13.Nxc6 bxc6 14.Qa4 Bd7 15.Qa6 
Qc8 16.Qxc8 Rfxc8 17.Rb1 Be6 18.b3 d5 19.cxd5 cxd5 20.Bb2 Bg8 21.Rfd1 e6 
22.f3 Nh5 23.Rbc1 Nxg3 24.Kf2 f4 25.e4 Rd8 26.Na4 Bxb2 27.Nxb2 Rac8 28.Nd3
dxe4 29.Nxf4 exf3 30.Bxf3 Nf5 31.Rxc8 Rxc8 32.Re1 Nd4 33.Be4 e5 34.Ne2 Be6
35.Nxd4 exd4 36.Bxg6 Bxb3 37.axb3 hxg6 38.Ra1 Rc3 1/2-1/2

[Event "49th POL-ch (w)"]
[Site "Cisna POL"]
[Date "1997.??.??"]
[Round "7"]
[White "Dabrowska, Krystyna"]
[Black "Szczygiel, Agnieszka"]
[Result "1/2-1/2"]
[WhiteElo "2250"]
[BlackElo "2085"]
[EventDate "1997.03.06"]
[PlyCount "83"]

1.e4 e6 2.d4 d5 3.e5 c5 4.c3 Nc6 5.Nf3 Bd7 6.Be2 Nge7 7.Na3 cxd4 8.cxd4 
Nf5 9.Nc2 Rc8 10.O-O Qb6 11.g4 Nfe7 12.b3 f6 13.Bd3 Ng6 14.Re1 Qc7 15.Re2 
Be7 16.Nce1 Nb4 17.Bxg6+ hxg6 18.a3 Nc6 19.Qd3 Kf7 20.Ng2 g5 21.Bd2 Rh6 
22.h4 Rch8 23.b4 R6h7 24.h5 Rh6 25.Rc1 Qd8 26.Ne3 f5 27.gxf5 Rxh5 28.b5 
Na5 29.Ree1 exf5 30.Nxf5 g4 31.e6+ Bxe6 32.Ne5+ Kg8 33.Ng3 Bf5 34.Qc3 b6 
35.Nxh5 Rxh5 36.Qc7 Qf8 37.Bxa5 bxa5 38.Qb7 Be4 39.Rxe4 dxe4 40.Rc8 Bd8 
41.Qd5+ Kh7 42.Rxd8 1/2-1/2

[Event "49th POL-ch (w)"]
[Site "Cisna POL"]
[Date "1997.??.??"]
[Round "7"]
[White "Grabarska, Barbara"]
[Black "Bartosik-Wisniewska, Olimpia"]
[Result "1-0"]
[WhiteElo "2135"]
[BlackElo "2130"]
[EventDate "1997.03.06"]
[PlyCount "70"]

1.e4 c5 2.Nf3 Nc6 3.d4 cxd4 4.Nxd4 Nf6 5.Nc3 d6 6.Bg5 e6 7.Qd2 a6 8.O-O-O 
h6 9.Be3 Be7 10.f3 Bd7 11.g4 b5 12.Nxc6 Bxc6 13.Ne2 d5 14.Nd4 Bb7 15.e5 
Nd7 16.f4 Nc5 17.Bg2 Rc8 18.Kb1 Qc7 19.Rhf1 Na4 20.f5 Qd7 21.fxe6 fxe6 22.
Qd3 Rc4 23.Qg6+ Kd8 24.Nxe6+ Kc8 25.Nf4 Rb4 26.Bd4 Rf8 27.a3 Rc4 28.b3 
Nc3+ 29.Bxc3 Rcxf4 30.Rxf4 Rxf4 31.e6 Qc7 32.Qxg7 d4 33.Bxb7+ Kxb7 34.Rxd4
Rf1+ 35.Kb2 Bd6 1-0

[Event "49th POL-ch (w)"]
[Site "Cisna POL"]
[Date "1997.??.??"]
[Round "7"]
[White "Iwaniuk, Dorota"]
[Black "Zielinska, Jolanta"]
[Result "1-0"]
[WhiteElo "2160"]
[BlackElo "2115"]
[EventDate "1997.03.06"]
[PlyCount "101"]

1.e4 e5 2.Nf3 Nf6 3.d4 Nxe4 4.Bd3 d5 5.Nxe5 Nd7 6.Nxd7 Bxd7 7.O-O Qh4 8.c4
O-O-O 9.c5 g5 10.Nd2 Nxd2 11.Bxd2 Bg7 12.g3 Qh6 13.Qc1 Bf6 14.b4 Qg7 15.b5
Bxd4 16.Rb1 Bh3 17.b6 axb6 18.cxb6 f5 19.Bxg5 Rd6 20.bxc7 Rc6 21.Qd2 Bxf1 
22.Bxf5+ Kxc7 23.Rxf1 Rf8 24.Bh3 h6 25.Bf4+ Be5 26.Bxe5+ Qxe5 27.Re1 Qf6 
28.f4 Rd8 29.Qb4 Rb6 30.Qc5+ Kb8 31.Rd1 Qd6 32.Qxd6+ Rdxd6 33.Rd2 d4 34.
Kf2 Rbc6 35.f5 Rc3 36.Bf1 Kc7 37.Bd3 Kd8 38.Kf3 Ke7 39.Kf4 Rc1 40.g4 Rg1 
41.Be4 b5 42.h4 Kf6 43.Bg2 d3 44.g5+ hxg5+ 45.hxg5+ Kf7 46.Be4 Rd8 47.Rxd3
Rf1+ 48.Rf3 Re1 49.Re3 Rf1+ 50.Bf3 Rd6 51.Ke5 1-0

[Event "49th POL-ch (w)"]
[Site "Cisna POL"]
[Date "1997.??.??"]
[Round "7"]
[White "Aksiuczyc, Monika"]
[Black "Bobrowska, Monika"]
[Result "1/2-1/2"]
[WhiteElo "2165"]
[BlackElo "2385"]
[EventDate "1997.03.06"]
[PlyCount "70"]

1.Nf3 d5 2.d4 Nf6 3.c4 e6 4.Nc3 c6 5.cxd5 exd5 6.Bg5 Be7 7.e3 O-O 8.Bd3 
Ne4 9.Bxe7 Qxe7 10.Qc2 f5 11.O-O Nd7 12.Rab1 Ndf6 13.b4 a6 14.a4 Bd7 15.
Ne2 Ng4 16.Nc1 f4 17.exf4 Rxf4 18.Ne2 Rff8 19.Ng3 Rae8 20.b5 axb5 21.axb5 
Qd6 22.bxc6 Bxc6 23.Bb5 h5 24.Bxc6 bxc6 25.Rb6 Re6 26.Rc1 h4 27.Nxh4 Rxf2 
28.Qxc6 Qxc6 29.Rbxc6 Rxc6 30.Rxc6 Nxg3 31.hxg3 Rd2 32.Kf1 Rxd4 33.Nf5 Rd2
34.Ke1 Rxg2 35.Rg6 Ne5 1/2-1/2

[Event "49th POL-ch (w)"]
[Site "Cisna POL"]
[Date "1997.??.??"]
[Round "8"]
[White "Radziewicz, Iweta"]
[Black "Aksiuczyc, Monika"]
[Result "0-1"]
[WhiteElo "2220"]
[BlackElo "2165"]
[EventDate "1997.03.06"]
[PlyCount "84"]

1.d4 Nf6 2.c4 c5 3.d5 b5 4.cxb5 a6 5.f3 axb5 6.e4 Qa5+ 7.Bd2 b4 8.Na3 d6 
9.Nc4 Qd8 10.Bf4 g6 11.Bd3 Nh5 12.Be3 Bg7 13.Ne2 Ba6 14.Qd2 Nd7 15.Bh6 O-O
16.Bxg7 Kxg7 17.Ng3 Nhf6 18.Ne3 Qb6 19.f4 Ra7 20.Bc4 h5 21.O-O Rh8 22.h4 
Ng4 23.b3 Nxe3 24.Qxe3 Bxc4 25.bxc4 Ra3 26.Qf2 Qa6 27.e5 Qxc4 28.exd6 exd6
29.f5 Rf8 30.Rae1 Qxh4 31.Ne4 Qxf2+ 32.Rxf2 Ne5 33.Ree2 Nd3 34.Rf1 Re8 35.
Re3 Rxa2 36.fxg6 f6 37.Nxd6 Rxe3 38.Nf5+ Kxg6 39.Nxe3 Ne5 40.d6 Rd2 41.Rc1
Nd7 42.Nc4 b3 0-1

[Event "49th POL-ch (w)"]
[Site "Cisna POL"]
[Date "1997.??.??"]
[Round "8"]
[White "Szczygiel, Agnieszka"]
[Black "Blimke, Dalia"]
[Result "1/2-1/2"]
[WhiteElo "2085"]
[BlackElo "2105"]
[EventDate "1997.03.06"]
[PlyCount "39"]

1.e4 c6 2.d4 d5 3.e5 Bf5 4.Nf3 e6 5.Be2 c5 6.O-O Nc6 7.c3 h6 8.Be3 cxd4 9.
Nxd4 Nge7 10.f4 Bxb1 11.Rxb1 g6 12.Bd3 Nxd4 13.Bxd4 Nc6 14.Be3 Be7 15.Kh1 
h5 16.Qc2 Rc8 17.Rbd1 Qc7 18.Qb1 Rd8 19.Bg1 Rg8 20.Qc2 1/2-1/2

[Event "49th POL-ch (w)"]
[Site "Cisna POL"]
[Date "1997.??.??"]
[Round "8"]
[White "Bobrowska, Monika"]
[Black "Grabarska, Barbara"]
[Result "1-0"]
[WhiteElo "2385"]
[BlackElo "2135"]
[EventDate "1997.03.06"]
[PlyCount "75"]

1.d4 Nf6 2.c4 g6 3.Nc3 d5 4.cxd5 Nxd5 5.e4 Nxc3 6.bxc3 Bg7 7.Qa4+ c6 8.Nf3
O-O 9.Qa3 Qd6 10.e5 Qxa3 11.Bxa3 Re8 12.Bc4 h6 13.O-O b5 14.Bd3 Be6 15.Nd2
Nd7 16.f4 Rab8 17.Nb3 Bf5 18.Be2 Be4 19.Bg4 e6 20.Bd6 Rbc8 21.Nc5 Nxc5 22.
dxc5 f5 23.Bf3 Bd5 24.a4 Bc4 25.Rfe1 a6 26.axb5 axb5 27.Ra6 Bd5 28.Bxd5 
exd5 29.Rea1 g5 30.g3 Kf7 31.Ra7+ Kg6 32.Kf2 h5 33.h4 g4 34.R1a6 Bf8 35.
Rb6 Ra8 36.Rxa8 Rxa8 37.Bxf8 Rxf8 38.Rxc6+ 1-0

[Event "49th POL-ch (w)"]
[Site "Cisna POL"]
[Date "1997.??.??"]
[Round "9"]
[White "Dworakowska, Joanna"]
[Black "Romaszko, Sylwia"]
[Result "1-0"]
[WhiteElo "2285"]
[BlackElo "2065"]
[EventDate "1997.03.06"]
[PlyCount "107"]

1.e4 e5 2.Nf3 Nc6 3.Bb5 f5 4.Nc3 fxe4 5.Nxe4 d5 6.Nxe5 dxe4 7.Nxc6 Qg5 8.
Qe2 Nf6 9.f4 Qxf4 10.Ne5+ c6 11.d4 Qh4+ 12.g3 Qh3 13.Bc4 Be6 14.Bg5 Bd6 
15.Bxf6 gxf6 16.Bxe6 Qxe6 17.Qh5+ Ke7 18.Ng4 Rag8 19.Ne3 Rg5 20.Qh6 Rg6 
21.Qh4 h5 22.Rf1 Rg5 23.c4 Rhg8 24.O-O-O Kf7 25.Rf2 Kg6 26.Rdf1 Rf8 27.Rf5
b5 28.Qh3 Qe7 29.Rxg5+ fxg5 30.Rxf8 Qxf8 31.Qe6+ Qf6 32.Qxe4+ Kf7 33.c5 
Be7 34.Qh7+ Ke6 35.Kc2 Qf3 36.Kd3 a5 37.Qg6+ Bf6 38.h3 Ke7 39.Qe4+ Qxe4+ 
40.Kxe4 Ke6 41.b3 Be7 42.a4 Kd7 43.Kf5 Bd8 44.g4 h4 45.Nc2 Ke7 46.Ne1 bxa4
47.bxa4 Bc7 48.Nf3 Bf4 49.Ne5 Be3 50.Nxc6+ Kd7 51.Ke4 Bd2 52.d5 Be1 53.Kd4
Bf2+ 54.Kc4 1-0

[Event "49th POL-ch (w)"]
[Site "Cisna POL"]
[Date "1997.??.??"]
[Round "10"]
[White "Bobrowska, Monika"]
[Black "Iwaniuk, Dorota"]
[Result "0-1"]
[WhiteElo "2385"]
[BlackElo "2160"]
[EventDate "1997.03.06"]
[PlyCount "84"]

1.d4 Nf6 2.c4 e6 3.Nf3 Bb4+ 4.Nbd2 b6 5.a3 Bxd2+ 6.Bxd2 Bb7 7.Bg5 d6 8.e3 
Nbd7 9.Bd3 O-O 10.O-O c5 11.Qe2 Rc8 12.Rfd1 Qe7 13.d5 h6 14.dxe6 Qxe6 15.
Bxf6 Qxf6 16.Ne1 Ne5 17.Bc2 Rcd8 18.f4 Ng6 19.b4 Qc3 20.Bxg6 fxg6 21.Qd3 
Qf6 22.Ra2 Rfe8 23.Rad2 g5 24.Rf2 Be4 25.Qe2 gxf4 26.Rxf4 Qc3 27.bxc5 bxc5
28.Qd2 Qxc4 29.Nf3 d5 30.Rc1 Qb5 31.Qf2 Rf8 32.Nd2 Bd3 33.a4 Qb2 34.Rxc5 
Qa1+ 35.Nf1 Rxf4 36.exf4 Re8 37.Rxd5 Bxf1 38.Qd4 Qa2 39.Qd2 Qxd2 40.Rxd2 
Bc4 41.Rd4 Rc8 42.f5 Rc7 0-1

[Event "49th POL-ch (w)"]
[Site "Cisna POL"]
[Date "1997.??.??"]
[Round "11"]
[White "Dworakowska, Joanna"]
[Black "Bobrowska, Monika"]
[Result "0-1"]
[WhiteElo "2285"]
[BlackElo "2385"]
[EventDate "1997.03.06"]
[PlyCount "84"]

1.e4 e6 2.d4 d5 3.Nc3 Bb4 4.exd5 exd5 5.Bd3 Nc6 6.a3 Ba5 7.Ne2 Bg4 8.f3 
Be6 9.O-O Bb6 10.Bb5 Ne7 11.Nf4 Nf5 12.Nce2 O-O 13.c3 Nce7 14.Kh1 c6 15.
Bd3 Bc8 16.g4 Nd6 17.Qe1 Ng6 18.Ng2 f5 19.g5 c5 20.h4 cxd4 21.cxd4 Re8 22.
Qg3 Bc7 23.h5 Nf7 24.f4 Nf8 25.Ne3 Nd6 26.Qg2 Ne4 27.b3 Be6 28.Bxe4 dxe4 
29.d5 Bf7 30.Ng3 Bb6 31.Ngxf5 Bxh5 32.Qd2 Bxe3 33.Nxe3 Bf3+ 34.Kh2 Ng6 35.
Nc4 b5 36.Ne5 Nxe5 37.fxe5 Rxe5 38.d6 Qd7 39.Bb2 Rc5 40.Rf2 Qg4 41.Rxf3 
exf3 42.d7 Qh4+ 0-1

[Event "49th POL-ch (w)"]
[Site "Cisna POL"]
[Date "1997.??.??"]
[Round "12"]
[White "Bobrowska, Monika"]
[Black "Szczygiel, Agnieszka"]
[Result "1/2-1/2"]
[WhiteElo "2385"]
[BlackElo "2085"]
[EventDate "1997.03.06"]
[PlyCount "55"]

1.d4 Nf6 2.Nf3 c5 3.c4 cxd4 4.Nxd4 Nc6 5.Nc3 Qb6 6.Nb3 e6 7.Be3 Qd8 8.Bf4 
Bb4 9.e3 Bxc3+ 10.bxc3 d5 11.Qc2 O-O 12.Rd1 Qe7 13.Bg5 dxc4 14.Bxc4 h6 15.
Bh4 b6 16.O-O Bb7 17.f4 Rfd8 18.Rde1 Rac8 19.Be2 Kh8 20.Qb2 e5 21.fxe5 
Nxe5 22.Rxf6 gxf6 23.Rf1 Rd6 24.Qa3 Rg8 25.e4 Bxe4 26.Bg3 f5 27.Nd4 Kg7 
28.Qb4 1/2-1/2

[Event "49th POL-ch (w)"]
[Site "Cisna POL"]
[Date "1997.??.??"]
[Round "12"]
[White "Aksiuczyc, Monika"]
[Black "Iwaniuk, Dorota"]
[Result "0-1"]
[WhiteElo "2165"]
[BlackElo "2160"]
[EventDate "1997.03.06"]
[PlyCount "74"]

1.Nf3 Nf6 2.c4 e6 3.g3 Be7 4.Bg2 O-O 5.O-O c5 6.d4 cxd4 7.Nxd4 Nc6 8.Nc3 
Qa5 9.Ndb5 a6 10.Nd6 Qb4 11.Bf4 e5 12.Nxc8 Raxc8 13.Bxc6 dxc6 14.Bxe5 Qxc4
15.Qa4 Qe6 16.Bf4 Bc5 17.Kg2 Rfe8 18.Rac1 Rcd8 19.Rfd1 h5 20.Rxd8 Rxd8 21.
Rd1 Re8 22.f3 h4 23.g4 Nxg4 24.Ne4 Ne3+ 25.Bxe3 Bxe3 26.Rd6 Qf5 27.Qc2 Qf4
28.Qd3 Bb6 29.Rd7 Re6 30.Rd8+ Bxd8 31.Qxd8+ Kh7 32.Ng5+ Kg6 33.Nxe6 fxe6 
34.Qe7 Qg5+ 35.Qxg5+ Kxg5 36.e3 e5 37.h3 Kf5 0-1

[Event "49th POL-ch (w)"]
[Site "Cisna POL"]
[Date "1997.??.??"]
[Round "12"]
[White "Radziewicz, Iweta"]
[Black "Dworakowska, Joanna"]
[Result "0-1"]
[WhiteElo "2220"]
[BlackElo "2285"]
[EventDate "1997.03.06"]
[PlyCount "80"]

1.d4 Nf6 2.c4 g6 3.Nc3 Bg7 4.e4 d6 5.Nf3 O-O 6.Be2 e5 7.d5 a5 8.h3 Na6 9.
Bg5 h6 10.Be3 Nc5 11.Nd2 Nh7 12.g4 f5 13.exf5 gxf5 14.Rg1 Ng5 15.Bxg5 Qxg5
16.Nf3 Qf4 17.g5 h5 18.Qd2 Qxd2+ 19.Kxd2 f4 20.Bd3 Bxh3 21.Ne4 Nxd3 22.
Kxd3 Bg4 23.Nh2 Bf5 24.f3 Kf7 25.Nf1 Rh8 26.Nd2 Bf8 27.Ke2 Be7 28.Rh1 h4 
29.Rag1 b6 30.Nf2 Rh5 31.Nde4 Rg8 32.Rg2 h3 33.Rgh2 Rgh8 34.Ng4 Kg6 35.
Nef2 Bxg5 36.Rxh3 Rxh3 37.Rxh3 Rxh3 38.Nxh3 Bxg4 39.fxg4 e4 40.Nf2 f3+ 0-1

[Event "49th POL-ch (w)"]
[Site "Cisna POL"]
[Date "1997.??.??"]
[Round "13"]
[White "Szczygiel, Agnieszka"]
[Black "Radziewicz, Iweta"]
[Result "0-1"]
[WhiteElo "2085"]
[BlackElo "2220"]
[EventDate "1997.03.06"]
[PlyCount "102"]

1.e4 e6 2.d4 c5 3.d5 Nf6 4.Nc3 d6 5.g3 exd5 6.exd5 Be7 7.Bg2 O-O 8.Nge2 
Bd7 9.a4 Na6 10.O-O Bf5 11.Bd2 Nb4 12.Rc1 Qd7 13.Nf4 h6 14.Bf3 Ng4 15.Ng2 
Ne5 16.Be2 Bh3 17.Re1 Bxg2 18.Kxg2 f5 19.f4 Nf7 20.Bb5 Qc7 21.Qh5 a6 22.
Bc4 Qd7 23.Nd1 b5 24.axb5 axb5 25.Bxb5 Qxb5 26.Rxe7 Nxd5 27.Re6 Qd7 28.Re1
Nf6 29.Qf3 d5 30.Ne3 Ne4 31.Rcd1 Rfe8 32.Bc1 d4 33.Nc4 Qa4 34.Qd3 Rad8 35.
Re2 Qc6 36.Kg1 h5 37.Qf3 Qe6 38.b3 Qg6 39.Rde1 h4 40.Ba3 hxg3 41.hxg3 Nfd6
42.Nxd6 Qxd6 43.Qh5 d3 44.cxd3 Qxd3 45.Re3 Qd4 46.Kg2 Qd5 47.Kg1 Re6 48.
Bb2 Nxg3 49.Qh3 Rxe3 50.Rxe3 Qd1+ 51.Kg2 Ne4 0-1